Roald Dahl Typing Challenge Quiz Stats

 Plays Quiz Updated Feb 22, 2016

Support Sporcle.
Go Orange.
Score 0/42 Timer 01:00
5 Plays Today
Type This Typed % Correct
????
100%
????
99%
????
98.5%
????
97.9%
????
97.3%
????
96.9%
????
96.6%
????
96.2%
????
95.9%
????
95.7%
????
95.4%
????
95.1%
????
94.8%
????
94.4%
????
94%
????
93.7%
????
93.2%
????
92.4%
????
91.7%
????
91.1%
????
89.9%
Type This Typed % Correct
????
88.8%
????
87.4%
????
85.9%
????
84.2%
????
82.3%
????
80%
????
77.1%
????
74.6%
????
71.2%
????
67.8%
????
63.9%
????
58.6%
????
54%
????
47.7%
????
39.5%
????
32.5%
????
26.2%
????
20.8%
????
13.9%
????
9.1%
????
5%

You're not logged in!

Compare scores with friends on all Sporcle quizzes.
OR
Log In

From the Vault

30 Missing Movie Poster Words

by MSUKent

Someone must have taken a comically-sized eraser to your favorite movie posters.
Remove Ads.
Support Sporcle.
Get the best of Sporcle when you Go Orange. This ad-free experience offers more features, more stats, and more fun while also helping to support Sporcle. Thank you for becoming a member.

Show Comments

Extras

Top Quizzes Today


Score Distribution

Your Account Isn't Verified!

In order to create a playlist on Sporcle, you need to verify the email address you used during registration. Go to your Sporcle Settings to finish the process.

Report this User

Report this user for behavior that violates our Community Guidelines.

Details: